000 00815nam a2200253 i 4500
003 DO-SdBNP
005 20240214132941.0
007 ta
008 240214b1997 dr a|||| |||| 00| 0 spa d
020 _a9768156716
040 _aDO-SdBNP
_bspa
_cBNPHU
_erda
082 4 _222
245 0 0 _aTerminologías médicas por especialidades /
_ceditor, Rafael González de Peña
264 _aSanto Domingo :
_bBúho,
_c1997.
300 _a443 páginas :
_bilustraciones ;
_c23 cm.
336 _2rdacontent
_atexto
_btxt
337 _2rdamedia
_asin mediación
_bn
338 _2rdacarrier
_avolumen
_bnc
500 _aIncluye referencias bibliográficas y notas al pie de las páginas
590 _aInventariado, 2024/BT
700 _aGonzález de Peña, Rafael,
_eeditor
_925946
910 _aBtavárez
942 _2ddc
_cLBS1
999 _c55950
_d55950